00762nam a2200169 a 450000100100000000500170001000800410002704000250006808200150009310000350010824501030014326000630024630000200030959000680032995201780039799900170057500004525120201002050015.0150217s1959 dr 000 0 spa d aDO-SdBNPbspacBNPHU axxxxbxxxx1 aSosa, André Nicolás97327810aProntuario de política latinoamericana :bpara Mr. Charles O. Porter /cAndrés Nicolás Sosa. aCiudad Trujillo, República Dominicana :b[s. n.],c1959. a20 P. ;c23 cm. aPerteneció a la biblioteca personal del Dr. Guaroa Ginebra H. 0010718PDaPDbPDcCTd2015-02-17iLF1l0oxxxx xxxxp45251-10r2020-06-25w2020-06-25yLFPDzPerteneció a la biblioteca personal del Dr. Guaroa Ginebra H.ZNo se presta c44740d44740